00889nam a22002057a 4500003000400000005001700004008004100021020002000062040002900082050002000111100002800131245014600159260003600305300004700341650005800388650005200446942001500498952015300513999001700666OSt20260605150457.0260605b |||||||| |||| 00| 0 eng d a139780325059655 cChuka University Library aQA 115 .O3 2011 aO'Connell, Susan927371 aMastering the Basic Math Facts in Multiplication and Division bStrategies, Activities and Interventions to Move Students Beyond Memorization aPortsmouth, NHbHeinemannc2011 axv 175 pagesbIllustrated includes indexes aMultiplication-Study and teaching [Elementary]927372 aDivision-Study and teaching [Elementary]927373 2lcccBKn0 00102lcc40708LGLaCHKbCHKcGENd2026-06-05eDonation From Books For Africal0oQA 115 .O3 2011p32812/2026r2026-06-05 15:07:12w2026-06-05yBK c23373d23373